00409 2200157 4500001002100000005001500021035002000036245007700056100001800133300001200151260003200163082000800195084001400203020002200217990001200239INLIS00000000000182820250507074438 a0010-05250001201 aNature-Based Management ( Belajar Manajemen Dari Alam ) /cSatrio Wahono0 aSatrio Wahono a163 hlm aJakarta :bRepublika,c2011 a600 a600 SAT n a978-602-8997-23-2 a0754728